Geography Straight Lines # 6 - Statistics

General Stats
  • This quiz has been taken 54 times
  • The average score is 6 of 7
Answer Stats
Answer % Correct
Portugal
100%
Spain
98%
Italy
92%
Turkey
92%
Albania
87%
Macedonia
85%
Greece
83%
No matching quizzes found
Score Distribution
Percent of People with Each Score
Percentile by Number Answered
Your Score History
You have not taken this quiz